| 000 | 00804nas a2200265 4500 | ||
|---|---|---|---|
| 001 | BR2014004077 | ||
| 003 | BR-BrBNA | ||
| 005 | 20231205124219.0 | ||
| 007 | ta | ||
| 008 | 230509b bl.|||p| |||| 00| 00por d | ||
| 040 |
_aBR-BrBNA _bpor _cBiblioteca Nacional de Agricultura |
||
| 041 | _a(Pt) | ||
| 072 | _aF01; N20; F70 | ||
| 100 | 1 | _aFerraz, G.A. de S. | |
| 100 | 1 | _aSilva F.C. da | |
| 100 | 1 | _aNunes, R.A. | |
| 100 | 1 | _aPonciano, P.F. | |
| 245 | 1 | _aVariabilidade espacial do ruído gerado por uma derriçadora portátil em lavoura cafeeira | |
| 650 | _aCAFÉ | ||
| 650 | _aMAPEAMENTO | ||
| 650 | _aEQUIPAMENTO | ||
| 773 | 0 |
_tCoffee Science (Brazil) _xISSN 1809-6875 _g(Jul-Sep 2013), v. 8(3) p. 276-283 _wBR2014004077 |
|
| 909 |
_a202311 _bLúcia _c55 _dLúcia Elande |
||
| 942 |
_2AGRIS _n0 _cANA |
||
| 999 |
_c237902 _d237902 |
||